000 00666nam a22002177a 4500
005 20150701120103.0
008 140714b xxu||||| |||| 00| 0 Urdu d
010 _aUR-9139
020 _c100.00
035 _aU-7694
037 _bDBAD
040 _aDPL
_bUrdu
082 _a954.083
100 _aمر تبہ :مر تضی ا قبا ل
245 _aکا ر و ا ن آ ز ا د ی
_cمر تبہ :مر تضی ا قبا ل
246 h _aKarwan-e-Aazadi
_bBy Murtaza Iqbal
260 _bJayyed Press
_c2012
_aMuradabad
270 _aSambhali Gate,
_bMuradabad
_k -
_e -
300 _a303ص
_c22Cm (Hb)
942 _2ddc
_cUR
_e
_h954.083
_mم ر ت
999 _c94584
_d94584